Chanson : Ma Normandie - Statistiques

Statistiques générales
  • Ce quiz a été pris 5 fois
  • Le résultat moyen est 6 sur 16
Statistiques - réponses
Questions Réponses % Correct
Île du duché historique de Normandie qui reconnait "Ma Normandie" comme hymne national officiel. Jersey
75%
Pays du poète Mkrtich Beshiktashlian qui traduisit la chanson dans sa propre langue. La chanson fut très populaire dans ce pays notamment lors de la première révolte de Zeïtoun en 1862, contre l'Empire ottoman. L'Arménie
75%
Complétez ce vers de la chanson "Ma Normandie" : "Quand la _____ est reverdie, Quand l'hirondelle est de retour,". Nature
75%
Grande ville normande que gagna le précédent (réponse #1) par ce même bateau sur la Seine. Il s'agit de sa ville natale. Rouen
75%
Groupe d'humoristes qui parodièrent la chanson avec une narratrice immigrée et ses paroles "J'irai revoir ma Normandie, c'est le pays qui m'a donné ma carte de séjour". Les Inconnus
50%
Réunion sportive organisée tous les quatre ans depuis 1930, événement au cours duquel le chant "Ma Normandie" est joué en l'honneur d'un représentant de l'île précédente, lorsque celui-ci remporte une épreuve. "Les Jeux du _________". Commonwealth
25%
Compositeur dandy normand de musique très calme qui a commencé sa carrière en 1884 avec "Allegro", une variation sur le thème de "Ma Normandie". Erik Satie
25%
Auteur-compositeur de la chanson "Ma Normandie". Frédéric Bérat
25%
Groupe d'humoristes qui parodièrent la chanson sous le titre "J'irai revoir la Normandie" avec un narrateur allemand de la Seconde Guerre mondiale. Les Charlots
25%
Soldats du Pape venus des quatre coins du monde catholique pour défendre les États pontificaux contre les troupes laïcistes de Giuseppe Garibaldi. En 1868, nombre d'entre eux sont venus du Canada français et sont passés par la Normandie où le Cardinal de Bonnechose disait qu'ils entonnaient cette "douce chanson". Les Zouaves pontificaux
25%
Canton suisse qui a "montré" au narrateur "son Rhône et ses prairies". Le Valais
25%
Acteurs qui chantent sur scène "Ma Normandie" à Hong Kong dans le film "Le Monocle rit jaune" de Georges Lautner. Marcel Dalio
25%
Acteurs qui chantent sur scène "Ma Normandie" à Hong Kong dans le film "Le Monocle rit jaune" de Georges Lautner. Paul Meurisse
25%
Acteurs qui chantent sur scène "Ma Normandie" à Hong Kong dans le film "Le Monocle rit jaune" de Georges Lautner. Robert Dalban
25%
Ville de Normandie où en 1836, le précédent prit le bateau sur lequel il composa la chanson. Cette ville sera rendue célèbre plus tard par un tableau de Claude Monet. Sainte-Adresse
25%
Coureur cycliste français qui remporta une étape du Tour de France en 1991 en Normandie au terme d'une échappée solitaire de 234 km. Alors qu'il n'avait pas encore franchi la ligne d'arrivée, il se mit à chanter "Ma Normandie" sur son vélo devant la caméra. Thierry Marie
25%
Aucun quiz correspondant
Distribution des résultats
% des personnes avec chaque résultat
Percentile par nombre de réponses
Votre historique - résultats
Vous n’avez pas pris ce quiz